|
|
|
|
| LEADER |
00991njm a2200289 a 4500 |
| 001 |
000617496 |
| 003 |
CZ BrMZK |
| 005 |
20110421152748.0 |
| 007 |
sd fsngnnmmned |
| 008 |
020819s2002 xr f cze d |
| 028 |
0 |
1 |
|a SU 5404-2 811
|b Supraphon
|
| 040 |
|
|
|a BOA001
|b cze
|
| 080 |
|
|
|a 82-93
|2 MRF
|
| 080 |
|
|
|a 821.162.3-34
|2 MRF
|
| 100 |
1 |
|
|a Čtvrtek, Václav,
|d 1911-1976
|7 jk01021929
|4 aut
|
| 245 |
1 |
0 |
|a O víle Amálce
|h [zvukový záznam] /
|c Václav Čtvrtek
|
| 260 |
|
|
|a Praha :
|b Supraphon,
|c c2002
|
| 300 |
|
|
|a 1 zvuková deska (78:11) :
|b digital ;
|c 12 cm
|
| 306 |
|
|
|a 011811
|
| 500 |
|
|
|a Původní fonogram p1984 Supraphon
|
| 511 |
0 |
|
|a Vypráví Eduard Cupák
|
| 655 |
|
7 |
|a české pohádky
|7 fd133970
|2 czenas
|
| 655 |
|
4 |
|a zvukové záznamy pro děti
|
| 700 |
1 |
|
|a Cupák, Eduard,
|d 1932-1996
|7 jn99240000141
|4 nrt
|
| 910 |
|
|
|a BOA001
|b CDA-1106.163
|
| 990 |
|
|
|a AV
|
| 996 |
6 |
|
|b 2610167229
|c CDA-1106.163
|l MZK
|r Sklad / do 24 hodin
|n 1
|p p.v.
|w 000617496
|u 000010
|a 1
|e BOA001
|j MZK50
|s P
|